El método científico /

שמור ב:
מידע ביבליוגרפי
מחבר ראשי: Rosenblueth, Arturo (autor)
פורמט: ספר
שפה:ספרדית
יצא לאור: México : CONACYT, 1981, c1981
נושאים:
תגים: הוספת תג
אין תגיות, היה/י הראשונ/ה לתייג את הרשומה!

MARC

LEADER 00000nam^a2200000^a^4500
001 000327120
005 20250521000000.0
009 20260310113825.861
020 |a 968-823-068-5 
037 |a Acervo Xavier Clavigero 
041 |a ESP 
082 |a 500. 1  |b ROS 
100 |a Rosenblueth, Arturo  |e (autor) 
240 1 4 |a [El método científico] 
245 1 3 |a El método científico /  |c A. Rosenblueth. 
264 4 |a México :  |b CONACYT,  |c 1981, c1981 
300 |a 110 p. 
336 |a texto  |b txt  |2 rdacontenido 
337 |a sin mediación  |b n  |2 rdamedio 
338 |a volumen  |b nc  |2 rdasoporte 
649 |a XX 
650 |a Ciencia -  |x Investigación 
650 |a Ciencia -  |x Metodología -  |x Tema Principal 
910 |a Fondo General 
920 |a Impresos - Libros 
930 |a Colección General 
905 |a 101 
901 |a 0500063336  |b IT1  |c ACC  |u 20250521 
902 |a https://opac.biblio.iteso.mx/vufind/Record/000327120